000 00844nam a22002417a 4500
999 _c5071
_d5071
003 AR-CdUCM
008 190311b ||||| |||| 00| 0 spa d
040 _aMUNICIPALIDAD PROVINCIAL DEL CUSCO
_cBIBLIOTECA MUNICIPAL DEL CUSCO
082 _22ed.
_a320.985 /
_bC21
100 _aCalle Hayen, Fernando
_915461
245 _a¿Nuestra época ... nuestro destino?
260 _aPerú :
_bConcytec,
_c1990.
300 _a124 páginas ;
_c20 cm.
505 _aJusticia, democracia y cultura -- La juventud la fé y la iglesia -- la ciencia la política y el arte -- La alianza popular revolucionaria -- Guerrilla o terrorismo...
650 _aCultura.
_9126
650 _aPerú.
_935
650 _aHistoria.
_9136
650 _aAPRA.
_92108
650 _aSocialismo,
_91037
650 _aDemocracia.
_92598
942 _2ddc
_cLIBROS
945 _awfj